Текст томруулах:    
Country human development indicators (Бичлэгийн дугаар. 146115)
000 -УДИРДЛАГА
Удирдлага 00403nam a22001697a 4500
003 - ХЯНАЛТЫН ТОО ТОДОРХОЙЛОГЧ
Код MN-UlNUM
005 - БИЧИЛТ ХИЙСЭН ОГНОО
Тухайн бичилтийг бичсэн засварласан сүүлийн огноо 20260107131632.0
008 - ЕРӨНХИЙ МЭДЭЭЛЭЛ
Ерөнхий мэдээлэл 260107s1993 nyua|||| |||| 00| 0 eng |
040 ## - БИЧЛЭГ ҮҮСГЭГЧ БАЙГУУЛЛАГА
Бичлэг үүсгэгч номын сангийн код МУИС-ийн номын сан
084 ## - ББК АНГИЛАЛ
Нэмэлт тусгалт Бусад
ББК ангилал 65.050.2
Зохиогчийн гурван тэмдэгт C 85
Мэдлэгийн ялгаа 65 - Эдийн засаг
245 ## - ҮНДСЭН ГАРЧИГ
Номын нэр Country human development indicators
260 ## - ГАРАЛТЫН МЭДЭЭ
Хэвлэгдсэн газар New York:
Хэвлэгдсэн он 1993.
500 ## - Тайлбар
Дансны дугаар БС 4871
546 ## - ХЭЛНИЙ ТУХАЙ МЭДЭЭ
Хэл Англи хэл дээр,
942 ## - ЭЛЕМЕНТИЙН ТӨРӨЛ
Зүйлийн төрөл Ном